Планы Выборга. Синька. Аэрофотоснимки

RUSMARC
00005443cmc2a2200000 x 450
001e43bc5d5-b6ed-4a19-81ec-47c6d701b5ea
00520161019152209.0
2001#$aПланы Выборга. Синька. Аэрофотоснимки
$j1935
300##$aЗаголовок также: Планы г. Выборга 1935 года. Синька, фотокопии
300##$aНа финском языке
937##$hПБ
801#0$aRU
$bПБ им. Б.Н. Ельцина
$c20160111
801#1$aRU
$bПБ им. Б.Н. Ельцина
$c20161013
$2rusmarc
801#2$aRU
$bПБ им. Б.Н. Ельцина
$c20161013
$gRCR
$2rusmarc
5171#$aПланы г. Выборга 1935 года. Синька, фотокопии
100##$a20161013l19351935k y0rusy са
1010#$afin
102##$aFI
1220#$ad1935######
1232#$az
124##$ab
$bj
121##$ab ajcc a
215##$a3 листа
251##$cДокумент
461#0$1001c4c30068-c070-47bb-88e5-61dd43074524
$12001
$aКарты, планы, чертежи г. Выборга, Выборгской, Куопиоской, Миккельской губерний
$1251
$cФонд
$1852
$j531
462#0$10019a75f7fa-d3a6-4108-9e3d-0cd6123cd871
$12000
$aОп. 1
$vЕд. хр. 109
$1251
$cОпись
$1852
$j1
850##$aГосударственное казенное учреждение "Ленинградский областной государственный архив в г. Выборге" (ЛОГАВ)
852##$aЛен. обл. гос. архив в г. Выборге
$j109
50901$aВыборг
$hгород
$lПлан
686##$2rubbk
$a63.3(2Рос-4Лен-2Выборг)6я64
$vLBC/M
617##$2prlib_sh
$cЛенинградская область
605##$2acquisition_Prlib
$3LIBNET\UAF\0000011043
$aЛенинградская область: страницы истории
$lколлекция
605##$aТерритория России: Ленинградская область
$lколлекция
$2acquisition_Prlib
$3LIBNET\UAF\0000039012
605##$aТерритория
$lколлекция
$2acquisition_Prlib
$3DITM\AF\0000004675
607##$2nlr_sh
$3RU\NLR\AUTH\661593238
$aВыборг, город (Ленинградская область)
$jПланы
607##$aВыборг, город (Ленинградская область)
$2prlib_sh
$3LIBNET\UAF\0000064428
$xИстория
$z1917-1940
8564#$uhttp://www.prlib.ru/Lib/pages/item.aspx?itemid=142644
Формат отображения